02229 2201057 4500001002100000005001500021035002000036008004100056245005000097100002000147260003100167300002900198020002200227084001400249082000800263990001200271990001200283990001200295990001200307990001200319990001200331990001200343990001200355990001200367990001200379990001200391990001200403990001200415990001200427990001200439990001200451990001200463990001200475990001200487990001200499990001200511990001200523990001200535990001200547990001200559990001200571990001200583990001200595990001200607990001200619990001200631990001200643990001200655990001200667990001200679990001200691990001200703990001200715990001200727990001200739990001200751990001200763990001200775990001200787990001200799990001200811990001200823990001200835990001200847990001200859990001200871990001200883990001200895990001200907990001200919990001200931990001200943990001200955990001200967990001200979990001200991990001201003990001201015990001201027990001201039990001201051990001201063990001201075990001201087990001201099990001201111990001201123990001201135990001201147990001201159INLIS00000000000147520241015070815 a0010-1024000028241015 0 1 aPendidikan Pancasila XI /cDr. Yuyus Kardiman aKardiman, Yuyus aJakarta :bErlangga,c2023 a235 hlm. ;c17,5 x 25 cm a978-623-266-811-9 a370 YUY p a370 a0753493 a0753494 a0753495 a0753496 a0753497 a0753498 a0753499 a0753500 a0753501 a0753502 a0753503 a0753504 a0753505 a0753506 a0753507 a0753508 a0753509 a0753510 a0753511 a0753512 a0753513 a0753514 a0753515 a0753516 a0753517 a0753518 a0753519 a0753520 a0753521 a0753522 a0753523 a0753524 a0753525 a0753526 a0753527 a0753528 a0753529 a0753530 a0753531 a0753532 a0753533 a0753534 a0753535 a0753536 a0753537 a0753538 a0753539 a0753540 a0753541 a0753542 a0753543 a0753544 a0753545 a0753546 a0753547 a0753548 a0753549 a0753550 a0753551 a0753552 a0753553 a0753554 a0753555 a0753556 a0753557 a0753558 a0753559 a0753560 a0753561 a0753562 a0753563 a0753564 a0753565 a0753566 a0753567